<?xml version="1.0" encoding="UTF-8"?>
<record
    xmlns:xsi="http://www.w3.org/2001/XMLSchema-instance"
    xsi:schemaLocation="http://www.loc.gov/MARC21/slim http://www.loc.gov/standards/marcxml/schema/MARC21slim.xsd"
    xmlns="http://www.loc.gov/MARC21/slim">

  <leader>01267nam a2200205Ia 4500</leader>
  <datafield tag="952" ind1=" " ind2=" ">
    <subfield code="0">0</subfield>
    <subfield code="1">0</subfield>
    <subfield code="4">0</subfield>
    <subfield code="7">0</subfield>
    <subfield code="a">09</subfield>
    <subfield code="b">09</subfield>
    <subfield code="d">2011-02-23</subfield>
    <subfield code="l">4</subfield>
    <subfield code="m">1</subfield>
    <subfield code="o">LB 1060 P76</subfield>
    <subfield code="p">09 003962</subfield>
    <subfield code="r">2016-08-09</subfield>
    <subfield code="s">2016-08-09</subfield>
    <subfield code="t">1</subfield>
    <subfield code="w">2012-06-26</subfield>
    <subfield code="y">LB</subfield>
  </datafield>
  <datafield tag="952" ind1=" " ind2=" ">
    <subfield code="0">0</subfield>
    <subfield code="1">0</subfield>
    <subfield code="4">0</subfield>
    <subfield code="7">0</subfield>
    <subfield code="a">03</subfield>
    <subfield code="b">03</subfield>
    <subfield code="d">2014-11-25</subfield>
    <subfield code="l">3</subfield>
    <subfield code="o">LB 1060 P76 2010</subfield>
    <subfield code="p">03 000530</subfield>
    <subfield code="r">2016-08-22</subfield>
    <subfield code="s">2016-08-20</subfield>
    <subfield code="t">1</subfield>
    <subfield code="w">2014-11-25</subfield>
    <subfield code="y">LB</subfield>
  </datafield>
  <datafield tag="952" ind1=" " ind2=" ">
    <subfield code="0">0</subfield>
    <subfield code="1">0</subfield>
    <subfield code="2">lcc</subfield>
    <subfield code="4">0</subfield>
    <subfield code="7">0</subfield>
    <subfield code="a">09</subfield>
    <subfield code="b">09</subfield>
    <subfield code="d">2016-01-23</subfield>
    <subfield code="l">2</subfield>
    <subfield code="o">LB1060 P76</subfield>
    <subfield code="p">09 000169</subfield>
    <subfield code="r">2018-10-16</subfield>
    <subfield code="s">2016-08-05</subfield>
    <subfield code="t">2</subfield>
    <subfield code="w">2016-01-23</subfield>
    <subfield code="y">LB</subfield>
  </datafield>
  <datafield tag="999" ind1=" " ind2=" ">
    <subfield code="c">95166</subfield>
    <subfield code="d">95166</subfield>
  </datafield>
  <controlfield tag="008">120626s2010    mx a          000 0 spa d</controlfield>
  <datafield tag="020" ind1=" " ind2=" ">
    <subfield code="a">9789701073223</subfield>
  </datafield>
  <datafield tag="050" ind1=" " ind2=" ">
    <subfield code="a">LB1060</subfield>
    <subfield code="b">P76 2010</subfield>
  </datafield>
  <datafield tag="245" ind1=" " ind2=" ">
    <subfield code="a">Psicolog&#xED;a educativa</subfield>
    <subfield code="b"> : Para afrontar los desaf&#xED;os del siglo XXI</subfield>
    <subfield code="c"> / Felipe Tirado Segura... [et.al]</subfield>
  </datafield>
  <datafield tag="260" ind1=" " ind2=" ">
    <subfield code="a">M&#xE9;xico</subfield>
    <subfield code="b"> : McGraw Hill</subfield>
    <subfield code="c">, 2010</subfield>
  </datafield>
  <datafield tag="300" ind1=" " ind2=" ">
    <subfield code="a">xxiv, 384 p&#xE1;ginas</subfield>
    <subfield code="b"> : ilustraciones</subfield>
  </datafield>
  <datafield tag="500" ind1=" " ind2=" ">
    <subfield code="a">Incluye: &#xED;ndice onom&#xE1;stico (pp.369-374)
Incluye: &#xED;ndice anal&#xED;tico (pp.375-384)</subfield>
  </datafield>
  <datafield tag="505" ind1=" " ind2=" ">
    <subfield code="a">Origen y enfoques contempor&#xE1;neos de la psicolog&#xED;a educativa
Los fen&#xF3;menos psicol&#xF3;gicos
Psicolog&#xED;a del desarrollo
Escenarios de la psicolog&#xED;a educativa I: la educaci&#xF3;n familiar  
Escenrios de la psicolog&#xED;a educativa II: la educaci&#xF3;n institucional
Escenarios de la psicolog&#xED;a educativa III: las instituciones coeducativas y ambientes culturales formativos
Intervenci&#xF3;n psicoeducativa
 </subfield>
  </datafield>
  <datafield tag="519" ind1=" " ind2=" ">
    <subfield code="a">Plan Flexible /</subfield>
    <subfield code="b">Pedagog&#xED;a /</subfield>
    <subfield code="c">Psicolog&#xED;a Educativa (B03-2) /</subfield>
    <subfield code="d">(03 000530)</subfield>
  </datafield>
  <datafield tag="519" ind1=" " ind2=" ">
    <subfield code="a">Material Complementario /</subfield>
    <subfield code="d">(09 003962, 09 000169)</subfield>
  </datafield>
  <datafield tag="650" ind1="1" ind2="0">
    <subfield code="a">PSICOPEDAGOGIA</subfield>
  </datafield>
  <datafield tag="700" ind1=" " ind2=" ">
    <subfield code="a">Tirado Segura, Felipe</subfield>
    <subfield code="e">colaborador</subfield>
  </datafield>
  <datafield tag="942" ind1=" " ind2=" ">
    <subfield code="c">LB</subfield>
  </datafield>
</record>
